[Event "Mumbai Mayors Cup 7th"]
[Site "Mumbai"]
[Date "2014.06.09"]
[Round "10"]
[White "Praveen Kumar, Chandrasekar"]
[Black "Timoshenko, Georgy"]
[Result "1-0"]
[WhiteElo "2246"]
[BlackElo "2516"]
[PlyCount "91"]
[EventDate "2014.06.02"]
[EventType "swiss"]
[EventRounds "10"]
[EventCountry "IND"]
[SourceTitle "CBM 160 Extra"]
[Source "ChessBase"]
[SourceDate "2014.07.01"]
[SourceVersion "1"]
[SourceVersionDate "2014.07.01"]
[SourceQuality "1"]

1. d4 Nf6 2. c4 e6 3. Nc3 Bb4 4. e3 0-0 5. Nge2 d5 6. a3 Be7 7. cxd5 exd5 8. g3 Nbd7 9. Bg2 Nb6 10. 0-0 a5 11. b3 Re8 12. Nf4 c6 13. Ra2 Bf8 14. Rd2 Bd6 15. Nh5 Nxh5 16. Qxh5 g6 17. Qd1 h5 18. Re1 Bf5 19. f3 Qe7 20. e4 dxe4 21. Nxe4 Bxe4 22. Rxe4 Qf8 23. Rde2 Rxe4 24. fxe4 Bxa3 25. Be3 Rd8 26. Qc2 Qe7 27. h4 Re8 28. Kh2 Qd8 29. Re1 Bf8 30. Qf2 Bg7 31. Rf1 Rf8 32. e5 Nd5 33. Bg5 Qc7 34. Qd2 Qb6 35. Qd3 Nc7 36. Be7 Ne6 37. Bxf8 Nxf8 38. Qc4 Qc7 39. Bd5 b5 40. Bxf7+ Kh7 41. Qc5 Qd7 42. d5 cxd5 43. Bxd5 a4 44. bxa4 bxa4 45. Rf7 Qe8 46. Qc7 1-0

[Event "Mumbai Mayors Cup 7th"]
[Site "Mumbai"]
[Date "2014.06.08"]
[Round "9"]
[White "Timoshenko, Georgy"]
[Black "Mohammad, Nubairshah Shaikh"]
[Result "1/2-1/2"]
[WhiteElo "2516"]
[BlackElo "2237"]
[PlyCount "31"]
[EventDate "2014.06.02"]
[EventType "swiss"]
[EventRounds "10"]
[EventCountry "IND"]
[SourceTitle "CBM 160 Extra"]
[Source "ChessBase"]
[SourceDate "2014.07.01"]
[SourceVersion "1"]
[SourceVersionDate "2014.07.01"]
[SourceQuality "1"]

1. d4 d5 2. c4 c6 3. Nf3 Nf6 4. Nc3 dxc4 5. a4 Bf5 6. e3 e6 7. Bxc4 Bb4 8. 0-0 0-0 9. Qe2 Nbd7 10. e4 Bg6 11. Bd3 Bh5 12. Bf4 Re8 13. h3 e5 14. dxe5 Bxf3 15. Qxf3 Nxe5 16. Bxe5 1/2-1/2

[Event "Mumbai Mayors Cup 7th"]
[Site "Mumbai"]
[Date "2014.06.05"]
[Round "5"]
[White "Timoshenko, Georgy"]
[Black "Konguvel, Ponnuswamy"]
[Result "1/2-1/2"]
[WhiteElo "2516"]
[BlackElo "2358"]
[PlyCount "100"]
[EventDate "2014.06.02"]
[EventType "swiss"]
[EventRounds "10"]
[EventCountry "IND"]
[SourceTitle "CBM 160 Extra"]
[Source "ChessBase"]
[SourceDate "2014.07.01"]
[SourceVersion "1"]
[SourceVersionDate "2014.07.01"]
[SourceQuality "1"]

1. e4 c5 2. Nf3 e6 3. d4 cxd4 4. Nxd4 Nc6 5. Nc3 Qc7 6. Be3 a6 7. Be2 Nf6 8. 0-0 Be7 9. f4 d6 10. Kh1 0-0 11. a4 Bd7 12. Nb3 b6 13. Rf3 Nb4 14. Rg3 d5 15. e5 Ne4 16. Rh3 f5 17. Bg1 Bc5 18. Nxe4 fxe4 19. c3 Bxg1 20. Kxg1 Nc6 21. Qd2 Rf7 22. Nd4 Raf8 23. Rf1 Nxd4 24. cxd4 Bxa4 25. Bxa6 b5 26. b3 Qb6 27. bxa4 Qxa6 28. axb5 Qxb5 29. Rh4 Rc7 30. h3 Qa4 31. Kh2 Rc4 32. Qe2 Rxd4 33. Qh5 h6 34. Qg4 Kh7 35. Qxe6 Qe8 36. Qb6 Rc4 37. Rg4 Qc6 38. Qf2 d4 39. f5 e3 40. Qg3 Qc7 41. Re4 Kh8 42. Qf4 g5 43. Qg4 d3 44. Rxc4 Qxe5+ 45. Qg3 Qxg3+ 46. Kxg3 e2 47. Re1 d2 48. Rcc1 Rxf5 49. Ra1 dxe1Q+ 50. Rxe1 Re5 1/2-1/2

[Event "Bhubaneswar op 6th"]
[Site "Bhubaneswar"]
[Date "2014.05.24"]
[Round "1"]
[White "Timoshenko, Georgy"]
[Black "Monnisha, GK."]
[Result "1-0"]
[WhiteElo "2516"]
[BlackElo "2167"]
[PlyCount "105"]
[EventDate "2014.05.24"]
[EventType "swiss"]
[EventRounds "10"]
[EventCountry "IND"]
[SourceTitle "EXT 2015"]
[Source "ChessBase"]
[SourceDate "2014.11.20"]
[SourceVersion "1"]
[SourceVersionDate "2014.11.20"]
[SourceQuality "1"]

1. e4 e5 2. Nf3 Nc6 3. Bb5 a6 4. Ba4 Nf6 5. 0-0 b5 6. Bb3 Bc5 7. a4 Rb8 8. c3 d6 9. d4 Bb6 10. h3 Bb7 11. Re1 h6 12. Na3 0-0 13. axb5 axb5 14. Nxb5 Re8 15. d5 Ne7 16. c4 Ng6 17. Bc2 Nh5 18. b4 Nhf4 19. Be3 Bc8 20. Kh2 Bd7 21. Nc3 Bxe3 22. fxe3 Nh5 23. Rb1 Qe7 24. Ba4 Bxa4 25. Nxa4 Nh4 26. Nc3 Rf8 27. Nxh4 Qxh4 28. Qg4 Qxg4 29. hxg4 Nf6 30. Kg3 Rfc8 31. Kf3 Kf8 32. Nb5 Nh7 33. Ke2 Nf6 34. Kf3 Nh7 35. Nc3 Ke7 36. c5 Nf6 37. c6 Ra8 38. Ra1 Rcb8 39. Ra5 Rxa5 40. bxa5 Ra8 41. Ra1 Ra6 42. Ra4 Nh7 43. Nd1 g6 44. Ke2 Nf6 45. Nf2 h5 46. gxh5 Nxh5 47. g4 Ng3+ 48. Kf3 Nf1 49. Ra2 f6 50. Nd1 f5 51. gxf5 gxf5 52. exf5 e4+ 53. Kg2 1-0

[Event "Cappelle op 30th"]
[Site "Cappelle la Grande"]
[Date "2014.03.03"]
[Round "3"]
[White "Warakomska, Anna"]
[Black "Timoshenko, Georgy"]
[Result "0-1"]
[WhiteElo "2144"]
[BlackElo "2531"]
[PlyCount "64"]
[EventDate "2014.03.01"]
[EventType "swiss"]
[EventRounds "9"]
[EventCountry "FRA"]
[SourceTitle "CBM 159 Extra"]
[Source "ChessBase"]
[SourceDate "2014.04.24"]
[SourceVersion "1"]
[SourceVersionDate "2014.04.24"]
[SourceQuality "1"]

1. c4 e5 2. Nc3 Nc6 3. g3 f5 4. Bg2 Nf6 5. d3 Bb4 6. a3 Bxc3+ 7. bxc3 0-0 8. e3 d6 9. Ne2 Kh8 10. 0-0 Qe8 11. a4 a5 12. Ba3 b6 13. Qc2 Ba6 14. Rfd1 Rd8 15. Qb3 e4 16. d4 Qf7 17. Nf4 Bxc4 18. Qb2 g5 19. Ne2 Ne7 20. Qd2 Ned5 21. Re1 Qh5 22. Bb2 f4 23. exf4 gxf4 24. Nxf4 Nxf4 25. gxf4 Rg8 26. Re3 Qf3 27. Rxf3 exf3 28. Qe3 Rxg2+ 29. Kh1 Ng4 30. Qxf3 Rxf2 31. Qxg4 Bd5+ 32. Kg1 Rxb2 0-1

[Event "BL2-Sued 1314"]
[Site "Germany"]
[Date "2013.12.15"]
[Round "4.2"]
[White "Timoshenko, Georgy"]
[Black "Poetsch, Hagen"]
[Result "1/2-1/2"]
[WhiteElo "2532"]
[BlackElo "2475"]
[PlyCount "49"]
[EventDate "2013.10.13"]
[EventType "team-tourn"]
[EventRounds "9"]
[EventCountry "GER"]
[SourceTitle "EXT 2015"]
[Source "ChessBase"]
[SourceDate "2014.11.20"]
[SourceVersion "1"]
[SourceVersionDate "2014.11.20"]
[SourceQuality "1"]
[WhiteTeam "Boeblingen"]
[BlackTeam "Schoeneck"]
[WhiteTeamCountry "GER"]
[BlackTeamCountry "GER"]

1. d4 Nf6 2. c4 e6 3. Nf3 b6 4. g3 Ba6 5. Qa4 Bb7 6. Bg2 c5 7. dxc5 Bxc5 8. 0-0 0-0 9. Nc3 Ne4 10. Nxe4 Bxe4 11. Ng5 Bxg2 12. Kxg2 Be7 13. Ne4 Qc7 14. Bf4 e5 15. Be3 Qc6 16. Qxc6 dxc6 17. g4 Na6 18. a4 Rad8 19. a5 Nc5 20. Bxc5 bxc5 21. e3 f6 22. Rfd1 Kf7 23. b3 g6 24. f4 f5 25. gxf5 1/2-1/2

[Event "ROM-chT"]
[Site "Mamaia"]
[Date "2013.09.08"]
[Round "9.1"]
[White "Miron, Lucian Costin"]
[Black "Timoshenko, Georgy"]
[Result "1/2-1/2"]
[WhiteElo "2532"]
[BlackElo "2518"]
[PlyCount "23"]
[EventDate "2013.08.31"]
[EventType "team-tourn"]
[EventRounds "9"]
[EventCountry "ROU"]
[SourceTitle "CBM 156 Extra"]
[Source "ChessBase"]
[SourceDate "2013.10.22"]
[SourceVersion "1"]
[SourceVersionDate "2013.10.22"]
[SourceQuality "1"]
[WhiteTeam "Bucharest Nova"]
[BlackTeam "Techirghiol Victoria"]
[WhiteTeamCountry "ROU"]
[BlackTeamCountry "ROU"]

1. d4 Nf6 2. c4 e6 3. Nc3 Bb4 4. Qc2 d6 5. e3 0-0 6. Bd3 b6 7. Nge2 Bb7 8. 0-0 e5 9. f3 Bxc3 10. bxc3 Nbd7 11. e4 h6 12. Ng3 1/2-1/2

[Event "ROM-chT"]
[Site "Mamaia"]
[Date "2013.09.05"]
[Round "6.1"]
[White "Timoshenko, Georgy"]
[Black "Volokitin, Andrei"]
[Result "1/2-1/2"]
[WhiteElo "2518"]
[BlackElo "2688"]
[PlyCount "68"]
[EventDate "2013.08.31"]
[EventType "team-tourn"]
[EventRounds "9"]
[EventCountry "ROU"]
[SourceTitle "CBM 156 Extra"]
[Source "ChessBase"]
[SourceDate "2013.10.22"]
[SourceVersion "1"]
[SourceVersionDate "2013.10.22"]
[SourceQuality "1"]
[WhiteTeam "Techirghiol Victoria"]
[BlackTeam "Timisoara Luxten"]
[WhiteTeamCountry "ROU"]
[BlackTeamCountry "ROU"]

1. d4 Nf6 2. c4 g6 3. Nc3 d5 4. cxd5 Nxd5 5. Bd2 Bg7 6. e4 Nxc3 7. Bxc3 0-0 8. Qd2 c5 9. d5 e6 10. Bc4 exd5 11. Bxd5 Nd7 12. Bxg7 Kxg7 13. Ne2 Nf6 14. Qc3 Kg8 15. Qxc5 b6 16. Qd4 Nxd5 17. Qxd5 Qxd5 18. exd5 Re8 19. Kd2 Bb7 20. Nc3 Bxd5 21. f3 b5 22. Rhe1 Red8 23. Nxd5 Rxd5+ 24. Ke2 Re8+ 25. Kf1 Rc8 26. Rac1 Rxc1 27. Rxc1 Rd2 28. Rc8+ Kg7 29. Ra8 Rxb2 30. Rxa7 b4 31. Ra6 h5 32. h4 Kf8 33. Ra7 f5 34. Kg1 b3 1/2-1/2

[Event "ROM-chT"]
[Site "Mamaia"]
[Date "2013.09.01"]
[Round "2.1"]
[White "Shishkin, Vadim"]
[Black "Timoshenko, Georgy"]
[Result "1/2-1/2"]
[WhiteElo "2508"]
[BlackElo "2518"]
[PlyCount "36"]
[EventDate "2013.08.31"]
[EventType "team-tourn"]
[EventRounds "9"]
[EventCountry "ROU"]
[SourceTitle "CBM 156 Extra"]
[Source "ChessBase"]
[SourceDate "2013.10.22"]
[SourceVersion "1"]
[SourceVersionDate "2013.10.22"]
[SourceQuality "1"]
[WhiteTeam "Resita Muncitorul"]
[BlackTeam "Techirghiol Victoria"]
[WhiteTeamCountry "ROU"]
[BlackTeamCountry "ROU"]

1. d4 d5 2. c4 e6 3. Nf3 Nf6 4. Nc3 Be7 5. Bf4 0-0 6. e3 c6 7. a3 Nbd7 8. h3 b6 9. cxd5 exd5 10. Bd3 Bb7 11. 0-0 c5 12. dxc5 Nxc5 13. Be2 Nfe4 14. Rc1 a6 15. Be5 Re8 16. b4 Ne6 17. Bd4 Bd6 18. Qb3 Nxd4 1/2-1/2

[Event "Mumbai Mayors Cup 6th"]
[Site "Mumbai"]
[Date "2013.06.06"]
[Round "11"]
[White "Timoshenko, Georgy"]
[Black "Ravichandran, Siddharth"]
[Result "1/2-1/2"]
[WhiteElo "2522"]
[BlackElo "2361"]
[PlyCount "139"]
[EventDate "2013.05.29"]
[EventType "swiss"]
[EventRounds "11"]
[EventCountry "IND"]
[SourceTitle "CBM 154 Extra"]
[Source "ChessBase"]
[SourceDate "2013.06.25"]
[SourceVersion "2"]
[SourceVersionDate "2013.06.25"]
[SourceQuality "1"]

1. d4 d5 2. c4 c6 3. Nf3 Nf6 4. Qb3 dxc4 5. Qxc4 Bf5 6. g3 e6 7. Bg2 Be7 8. 0-0 0-0 9. e3 Nbd7 10. Qe2 c5 11. Rd1 cxd4 12. Nxd4 Be4 13. f3 Bxb1 14. Rxb1 Qb6 15. Qb5 Rfd8 16. Bd2 Qxb5 17. Nxb5 Bc5 18. Kf1 a6 19. Na3 Nd5 20. Ke2 b5 21. Nc2 a5 22. f4 N7b6 23. Be1 h6 24. e4 Nb4 25. Na3 Nxa2 26. Nxb5 Nb4 27. e5 Rxd1 28. Rxd1 Rb8 29. Rc1 Bf8 30. Nd4 Na4 31. b3 Nb6 32. Ra1 Bc5 33. Nc6 Nxc6 34. Bxc6 Bb4 35. Bxb4 axb4 36. Ra6 g5 37. Ke3 Kg7 38. Kd4 gxf4 39. gxf4 Rd8+ 40. Kc5 Nd5 41. f5 Nf4 42. f6+ Kg6 43. Be4+ Kg5 44. Rd6 Rb8 45. Rd1 Ne2 46. Rf1 Rd8 47. Bc6 Nf4 48. Be4 Ne2 49. Rf3 h5 50. Rd3 Rc8+ 51. Kxb4 Kf4 52. Bg2 Nc1 53. Rd7 Rb8+ 54. Bb7 Nd3+ 55. Rxd3 Rxb7+ 56. Kc5 Ke4 57. Rh3 Kxe5 58. b4 Rc7+ 59. Kb6 Rc2 60. b5 Kxf6 61. Rxh5 e5 62. Ka7 e4 63. b6 Ra2+ 64. Kb8 e3 65. Rh8 e2 66. Re8 Kg5 67. b7 f5 68. Kc7 Rc2+ 69. Kd6 Rd2+ 70. Kc7 1/2-1/2

[Event "Mumbai Mayors Cup 6th"]
[Site "Mumbai"]
[Date "2013.06.05"]
[Round "10"]
[White "Swayams, Mishra"]
[Black "Timoshenko, Georgy"]
[Result "1-0"]
[WhiteElo "2406"]
[BlackElo "2522"]
[PlyCount "59"]
[EventDate "2013.05.29"]
[EventType "swiss"]
[EventRounds "11"]
[EventCountry "IND"]
[SourceTitle "CBM 154 Extra"]
[Source "ChessBase"]
[SourceDate "2013.06.25"]
[SourceVersion "2"]
[SourceVersionDate "2013.06.25"]
[SourceQuality "1"]

1. d4 Nf6 2. c4 e6 3. Nc3 Bb4 4. Nf3 0-0 5. Bg5 c5 6. e3 Qa5 7. Bxf6 Bxc3+ 8. bxc3 Qxc3+ 9. Nd2 gxf6 10. Rc1 Qa5 11. Qg4+ Kh8 12. Qh4 cxd4 13. Qxf6+ Kg8 14. exd4 Nc6 15. d5 Qd8 16. Qh6 exd5 17. Rc3 Qe7+ 18. Kd1 f5 19. Rg3+ Kh8 20. Bd3 Rf6 21. Qg5 Rf8 22. Qh6 Rf6 23. Qg5 Rf8 24. cxd5 Qxg5 25. Rxg5 Nb4 26. Bxf5 d6 27. Bb1 Rxf2 28. Re1 Bd7 29. Re7 Ba4+ 30. Ke1 1-0

[Event "BL2-Sued 1213"]
[Site "Germany"]
[Date "2013.01.13"]
[Round "5.1"]
[White "Krivonosov, Oleg"]
[Black "Timoshenko, Georgy"]
[Result "1/2-1/2"]
[WhiteElo "2462"]
[BlackElo "2518"]
[PlyCount "187"]
[EventDate "2012.10.14"]
[EventType "team-tourn"]
[EventRounds "9"]
[EventCountry "GER"]
[SourceTitle "CBM 154 Extra"]
[Source "ChessBase"]
[SourceDate "2013.06.25"]
[SourceVersion "2"]
[SourceVersionDate "2013.06.25"]
[SourceQuality "1"]
[WhiteTeam "Schott Mainz"]
[BlackTeam "Boeblingen"]
[WhiteTeamCountry "GER"]
[BlackTeamCountry "GER"]

1. Nf3 Nf6 2. c4 e6 3. g3 a6 4. Bg2 b5 5. b3 Bb7 6. Nc3 b4 7. Na4 Be7 8. 0-0 0-0 9. d4 d6 10. Bb2 a5 11. Ne1 Bxg2 12. Kxg2 Qc8 13. Nd3 Nbd7 14. f3 d5 15. c5 Nb8 16. Qc2 Nc6 17. Rae1 Qb7 18. Ne5 Rad8 19. Nxc6 Qxc6 20. e3 Nd7 21. Re2 f5 22. Ba1 Bf6 23. Nb2 e5 24. dxe5 Nxe5 25. Nd3 Nxd3 26. Qxd3 Qxc5 27. Rc2 Qb6 28. Bxf6 Rxf6 29. Rfc1 c6 30. Rc5 Re8 31. R1c2 h6 32. Kh3 Kh8 33. Kg2 Ree6 34. Kf2 Kh7 35. Kg2 Kh8 36. Kf2 Qa7 37. Kg2 Rd6 38. Kf2 Qb6 39. Kg2 Qa7 40. Kf2 Qa8 41. Kg2 Rde6 42. Kf2 Re7 43. Kg2 a4 44. Kf2 axb3 45. axb3 Ra7 46. Qd4 Ra1 47. Kg2 Qa6 48. Rf2 Qa3 49. Rcc2 Kh7 50. Qe5 Re1 51. Rb2 Qa1 52. Qd4 Rg6 53. f4 Re6 54. Ra2 Qxd4 55. exd4 Rb1 56. Ra7 Rxb3 57. Rb7 Rb1 58. Ra2 b3 59. Raa7 Rb2+ 60. Kf3 Rg6 61. h4 Rb1 62. h5 Rg4 63. Ra8 Rh1 64. Kg2 Rxh5 65. Rxb3 Rg6 66. Rbb8 Re6 67. Re8 Re4 68. Rxe4 fxe4 69. Rc8 Rf5 70. Rxc6 g5 71. fxg5 Rxg5 72. Rd6 h5 73. Kh3 Rg7 74. Kh4 Rg6 75. Rxd5 Re6 76. Ra5 e3 77. Ra1 Kg6 78. Re1 Kf5 79. d5 Re5 80. Kxh5 Ke4+ 81. Kh4 Rxd5 82. g4 Rd2 83. Kg3 Ra2 84. g5 Kd3 85. Kf4 Rf2+ 86. Ke5 e2 87. g6 Kd2 88. Rxe2+ Rxe2+ 89. Kf6 Rf2+ 90. Ke7 Rg2 91. Kf7 Ke3 92. g7 Kf4 93. g8Q Rxg8 94. Kxg8 1/2-1/2

[Event "BL2-Sued 1213"]
[Site "Germany"]
[Date "2012.12.09"]
[Round "4.1"]
[White "Timoshenko, Georgy"]
[Black "Ikonnikov, Vyacheslav"]
[Result "1/2-1/2"]
[WhiteElo "2518"]
[BlackElo "2525"]
[PlyCount "59"]
[EventDate "2012.10.14"]
[EventType "team-tourn"]
[EventRounds "9"]
[EventCountry "GER"]
[SourceTitle "CBM 154 Extra"]
[Source "ChessBase"]
[SourceDate "2013.06.25"]
[SourceVersion "2"]
[SourceVersionDate "2013.06.25"]
[SourceQuality "1"]
[WhiteTeam "Boeblingen"]
[BlackTeam "Bad Mergentheim"]
[WhiteTeamCountry "GER"]
[BlackTeamCountry "GER"]

1. d4 Nf6 2. c4 e6 3. Nf3 Bb4+ 4. Bd2 Qe7 5. g3 Nc6 6. Nc3 Bxc3 7. Bxc3 Ne4 8. Rc1 0-0 9. Bg2 d5 10. 0-0 Rd8 11. Qc2 a5 12. Rfd1 Bd7 13. Be1 Be8 14. e3 f6 15. h3 Bf7 16. Qb3 Ra7 17. a4 Nb8 18. Nd2 Nxd2 19. Bxd2 c6 20. Be1 Rd7 21. e4 dxe4 22. Bxe4 Bh5 23. Bf3 Bxf3 24. Qxf3 Ra8 25. Bc3 Qf8 26. d5 cxd5 27. cxd5 e5 28. d6 Qf7 29. Rd5 b6 30. Rcd1 1/2-1/2

[Event "ROM-chT"]
[Site "Mamaia"]
[Date "2012.09.28"]
[Round "7.1"]
[White "Papp, Gabor"]
[Black "Timoshenko, Georgy"]
[Result "1/2-1/2"]
[WhiteElo "2571"]
[BlackElo "2518"]
[PlyCount "64"]
[EventDate "2012.09.22"]
[EventType "team-tourn"]
[EventRounds "9"]
[EventCountry "ROU"]
[SourceTitle "CBM 150 Extra"]
[Source "ChessBase"]
[SourceDate "2012.10.19"]
[SourceVersion "1"]
[SourceVersionDate "2012.10.19"]
[SourceQuality "1"]
[WhiteTeam "Baia Mare"]
[BlackTeam "Techirghiol Victoria"]
[WhiteTeamCountry "ROU"]
[BlackTeamCountry "ROU"]

1. e4 e6 2. d4 d5 3. Nd2 c5 4. exd5 exd5 5. Ngf3 Nf6 6. Bb5+ Bd7 7. Bxd7+ Nbxd7 8. 0-0 Be7 9. dxc5 Nxc5 10. Nb3 Nce4 11. Nfd4 Qd7 12. f3 Nd6 13. Nc5 Qc7 14. Nd3 0-0 15. c3 Rfe8 16. Re1 a5 17. a4 Bf8 18. Bg5 Nd7 19. Bf4 Qb6 20. Qb3 Qxb3 21. Nxb3 Nc4 22. Rxe8 Rxe8 23. Kf2 f6 24. Re1 Nde5 25. Nbc1 Nxd3+ 26. Nxd3 Rc8 27. b3 Nd6 28. Rc1 g5 29. Be3 b5 30. axb5 Nxb5 31. c4 dxc4 32. bxc4 Nd6 1/2-1/2

[Event "ROM-chT"]
[Site "Mamaia"]
[Date "2012.09.22"]
[Round "1.1"]
[White "Timoshenko, Georgy"]
[Black "Iordachescu, Viorel"]
[Result "1/2-1/2"]
[WhiteElo "2518"]
[BlackElo "2641"]
[PlyCount "64"]
[EventDate "2012.09.22"]
[EventType "team-tourn"]
[EventRounds "9"]
[EventCountry "ROU"]
[SourceTitle "CBM 150 Extra"]
[Source "ChessBase"]
[SourceDate "2012.10.19"]
[SourceVersion "1"]
[SourceVersionDate "2012.10.19"]
[SourceQuality "1"]
[WhiteTeam "Techirghiol Victoria"]
[BlackTeam "Bucharest Sah Apa"]
[WhiteTeamCountry "ROU"]
[BlackTeamCountry "ROU"]

1. d4 Nf6 2. c4 e6 3. Nf3 b6 4. g3 Ba6 5. Qa4 c6 6. Nc3 b5 7. cxb5 cxb5 8. Nxb5 Qb6 9. Nc3 Bb4 10. Bg2 0-0 11. Qc2 Rc8 12. 0-0 d5 13. Re1 Bxc3 14. bxc3 Nbd7 15. Rb1 Qc6 16. Bd2 Ne4 17. Ne5 Nxe5 18. Bxe4 dxe4 19. dxe5 Bc4 20. a4 a5 21. Be3 Rab8 22. Red1 Bd5 23. c4 Qxc4 24. Qxc4 Bxc4 25. Rxb8 Rxb8 26. Bb6 Bxe2 27. Rd8+ Rxd8 28. Bxd8 Bd1 29. Bxa5 Bxa4 30. Kf1 h6 31. h4 Kh7 32. Bb4 Bd1 1/2-1/2

[Event "Livigno op-A 3rd"]
[Site "Livigno"]
[Date "2012.09.10"]
[Round "1"]
[White "Minko, Vladimir"]
[Black "Timoshenko, Georgy"]
[Result "1/2-1/2"]
[WhiteElo "2293"]
[BlackElo "2518"]
[PlyCount "138"]
[EventDate "2012.09.10"]
[EventType "swiss"]
[EventRounds "9"]
[EventCountry "ITA"]
[SourceTitle "CBM 150 Extra"]
[Source "ChessBase"]
[SourceDate "2012.10.19"]
[SourceVersion "1"]
[SourceVersionDate "2012.10.19"]
[SourceQuality "1"]

1. d4 Nf6 2. g3 c5 3. d5 e6 4. c4 exd5 5. cxd5 Bd6 6. Bg2 0-0 7. Nc3 Re8 8. Nf3 Bc7 9. d6 Ba5 10. 0-0 Nc6 11. Nh4 b6 12. Nb5 Ba6 13. a4 Bxb5 14. axb5 Nd4 15. Be3 Nxb5 16. Bxa8 Qxa8 17. Bxc5 Qe4 18. e3 a6 19. Ra4 Qe6 20. Bd4 Ne4 21. f3 Nd2 22. Rf2 g5 23. Ng2 Nb3 24. Bxb6 Rc8 25. Re4 Qxd6 26. Qxb3 Bxb6 27. f4 h6 28. Rc4 Rxc4 29. Qxc4 Qc5 30. Qd3 Qe7 31. fxg5 hxg5 32. Rc2 Kg7 33. Rc8 Qe6 34. h4 gxh4 35. gxh4 d5 36. Rc2 Nd6 37. Rc6 Bd8 38. Qxa6 Be7 39. Qa4 Qf5 40. Qf4 Qb1+ 41. Kh2 Nf5 42. Qe5+ Kh7 43. Qxd5 Nh6 44. Rc4 Bf6 45. b4 Qa2 46. Qe4+ Kg7 47. b5 Qa1 48. Rc5 Qa7 49. Rc8 Qa1 50. Nf4 Ng4+ 51. Kg3 Qe1+ 52. Kxg4 Qxh4+ 53. Kf3 Qh1+ 54. Ng2 Qh3+ 55. Kf2 Qxc8 56. b6 Qc3 57. b7 Be5 58. Nf4 Qb2+ 59. Kf3 Qa1 60. Kg4 Qd1+ 61. Kf5 Qd7+ 62. Kg5 Qd8+ 63. Kg4 Qd1+ 64. Kh3 Qd7+ 65. Kg3 Qd6 66. Qf3 Kf8 67. Qg4 Ke7 68. Qc8 Bxf4+ 69. exf4 Qd3+ 1/2-1/2

[Event "Can Picafort"]
[Site "Can Picafort"]
[Date "2012.05.19"]
[Round "8"]
[White "Valles, Manuel"]
[Black "Timoshenko, Georgy"]
[Result "0-1"]
[WhiteElo "2260"]
[BlackElo "2537"]
[PlyCount "41"]
[EventDate "2012.05.14"]
[EventType "tourn"]
[EventRounds "9"]
[EventCountry "ESP"]
[EventCategory "3"]
[SourceTitle "EXT 2014"]
[Source "ChessBase"]
[SourceDate "2013.11.20"]
[SourceVersion "1"]
[SourceVersionDate "2013.11.20"]
[SourceQuality "1"]

1. d4 Nf6 2. c4 e6 3. Nc3 c5 4. d5 exd5 5. cxd5 Bd6 6. g3 0-0 7. Bg2 Re8 8. Nf3 Bc7 9. 0-0 d6 10. Nd2 a6 11. a3 Nbd7 12. h3 b5 13. b4 Bb6 14. Nb3 Bb7 15. Bf4 Qe7 16. bxc5 Nxc5 17. Nd4 Nfe4 18. Nxe4 Nxe4 19. Nc6 Qf6 20. Qd3 Nxf2 21. Rxf2 0-1

[Event "Can Picafort"]
[Site "Can Picafort"]
[Date "2012.05.18"]
[Round "7"]
[White "Timoshenko, Georgy"]
[Black "Song, Julien"]
[Result "1/2-1/2"]
[WhiteElo "2537"]
[BlackElo "2346"]
[PlyCount "109"]
[EventDate "2012.05.14"]
[EventType "tourn"]
[EventRounds "9"]
[EventCountry "ESP"]
[EventCategory "3"]
[SourceTitle "EXT 2014"]
[Source "ChessBase"]
[SourceDate "2013.11.20"]
[SourceVersion "1"]
[SourceVersionDate "2013.11.20"]
[SourceQuality "1"]

1. e4 e6 2. d4 d5 3. Nc3 Nf6 4. e5 Nfd7 5. f4 c5 6. Nf3 Nc6 7. Be3 Be7 8. Qd2 0-0 9. dxc5 Bxc5 10. 0-0-0 Qb6 11. Bg1 Bxg1 12. Rxg1 Nc5 13. Bd3 Rd8 14. Kb1 Nxd3 15. Qxd3 Nb4 16. Qd2 Bd7 17. g4 Rac8 18. Nd4 Nc6 19. Nce2 Na5 20. b3 Nc4 21. Qc1 Qb4 22. c3 Na3+ 23. Kb2 Qf8 24. f5 b5 25. Qf4 b4 26. fxe6 bxc3+ 27. Nxc3 Bxe6 28. Nxe6 fxe6 29. Qxf8+ Kxf8 30. Rgf1+ Ke7 31. Rd4 Rxc3 32. Kxa3 Re3 33. Rdf4 Rxe5 34. Rf7+ Kd6 35. Rxg7 d4 36. Rxh7 d3 37. Rd1 Rd5 38. Rh3 Ke7 39. Re3 e5 40. Kb2 Ke6 41. Re4 Rh8 42. Re3 Rxh2+ 43. Kb1 d2 44. Kc2 Rc5+ 45. Rc3 Rd5 46. Rd3 Rxd3 47. Kxd3 Rg2 48. Rxd2 Rxg4 49. Ke3 Rh4 50. Rg2 Rh3+ 51. Ke4 Rh4+ 52. Ke3 Rh3+ 53. Ke4 Rh4+ 54. Ke3 Rh3+ 55. Ke4 1/2-1/2

[Event "Dubai op 14th"]
[Site "Dubai"]
[Date "2012.04.23"]
[Round "9"]
[White "Koohestani, Shahin"]
[Black "Timoshenko, Georgy"]
[Result "0-1"]
[WhiteElo "2364"]
[BlackElo "2569"]
[PlyCount "114"]
[EventDate "2012.04.15"]
[EventType "swiss"]
[EventRounds "9"]
[EventCountry "UAE"]
[SourceTitle "CBM 148 Extra"]
[Source "ChessBase"]
[SourceDate "2012.06.22"]
[SourceVersion "1"]
[SourceVersionDate "2012.06.22"]
[SourceQuality "1"]

1. d4 Nf6 2. c4 e6 3. Nf3 c5 4. e3 d5 5. Nc3 Nc6 6. a3 a6 7. dxc5 Bxc5 8. b4 Ba7 9. Bb2 0-0 10. Qc2 Qe7 11. Rd1 Rd8 12. Be2 dxc4 13. Rxd8+ Nxd8 14. Bxc4 b5 15. Bd3 Bb7 16. 0-0 Rc8 17. Rc1 Bb8 18. e4 e5 19. Qb3 Ne6 20. Nd5 Rxc1+ 21. Bxc1 Nxd5 22. exd5 Nd4 23. Nxd4 exd4 24. Kf1 Qc7 25. Bb2 Qe5 26. Qc2 Qxd5 27. f3 g6 28. Be4 Qd7 29. Bxb7 Qxb7 30. Qc5 Qd7 31. Qb6 Bxh2 32. Bxd4 Qc7 33. Qf6 Qc1+ 34. Ke2 Qc2+ 35. Ke3 Bg1+ 36. Kf4 Qd2+ 37. Ke4 Bxd4 38. Qxd4 Qxd4+ 39. Kxd4 h5 40. Kc5 g5 41. Kb6 h4 42. Kxa6 f5 43. Kxb5 g4 44. fxg4 fxg4 45. Kb6 h3 46. gxh3 gxh3 47. Ka7 h2 48. b5 h1Q 49. b6 Qa1 50. b7 Qxa3+ 51. Kb6 Qb4+ 52. Kc7 Qc5+ 53. Kd7 Qb6 54. Kc8 Qc6+ 55. Kb8 Kf7 56. Ka7 Qc7 57. Ka8 Qc6 0-1

[Event "Cappelle op 28th"]
[Site "Cappelle la Grande"]
[Date "2012.03.05"]
[Round "3"]
[White "Timoshenko, Georgy"]
[Black "Pogorelov, Ruslan"]
[Result "1/2-1/2"]
[WhiteElo "2569"]
[BlackElo "2426"]
[PlyCount "37"]
[EventDate "2012.03.03"]
[EventType "swiss"]
[EventRounds "9"]
[EventCountry "FRA"]
[SourceTitle "CBM 147 Extra"]
[Source "ChessBase"]
[SourceDate "2012.04.24"]
[SourceVersion "1"]
[SourceVersionDate "2012.04.24"]
[SourceQuality "1"]

1. e4 c5 2. Nf3 e6 3. d4 cxd4 4. Nxd4 a6 5. Bd3 Nf6 6. 0-0 d6 7. c4 g6 8. Nc3 Bg7 9. Be3 0-0 10. f4 e5 11. Nde2 Ng4 12. Qd2 Nxe3 13. Qxe3 exf4 14. Nxf4 Nc6 15. Kh1 Qg5 16. Qd2 Be6 17. Rad1 Ne5 18. b3 Ng4 19. Be2 1/2-1/2